| Tag |
First Indicator |
Second Indicator |
Subfields |
| LEADER |
00000cam a2200000 4500 |
| 001 |
in00003819421 |
| 005 |
20190415184133.0 |
| 006 |
m o d |
| 007 |
cr |n||||||||n |
| 008 |
810401s1715 enk|||| o 00| ||eng c |
| 035 |
|
|
|a (CU-RivES)T120218
|
| 035 |
|
|
|a (Uk-ES)006388595
|
| 035 |
|
|
|a (OCoLC)508878446
|
| 040 |
|
|
|a Uk-ES
|c Uk-ES
|d CU-RivES
|d CStRLIN
|d CU-RivES
|d Cengage Gale
|d UtOrBLW
|
| 050 |
|
4 |
|a V285.G7
|b G744 1715
|
| 100 |
1 |
|
|a Greenwood, Jonathan.
|0 http://id.loc.gov/authorities/names/nr91034196
|
| 245 |
1 |
4 |
|a The sailing and fighting instructions or signals as they are observed in the Royal Navy of Great Britain.
|
| 264 |
|
1 |
|a [London?] :
|b [publisher not identified],
|c [1715?]
|
| 300 |
|
|
|a 1 online resource (72 unnumbered leaves)
|
| 336 |
|
|
|a text
|b txt
|2 rdacontent
|
| 337 |
|
|
|a computer
|b c
|2 rdamedia
|
| 338 |
|
|
|a online resource
|b cr
|2 rdacarrier
|
| 500 |
|
|
|a The dedication signed: Jonathan Greenwood.
|
| 500 |
|
|
|a Seventy two engraved leaves.
|
| 509 |
|
|
|a Not ESTC
|
| 510 |
4 |
|
|a English Short Title Catalog,
|c T120218.
|
| 500 |
|
|
|a Reproduction of original from British Library.
|
| 500 |
|
|
|a Electronic resource.
|
| 610 |
1 |
0 |
|a Great Britain.
|b Royal Navy
|x Signaling.
|
| 655 |
|
7 |
|a Electronic books.
|2 local
|
| 710 |
2 |
|
|a Gale (Firm)
|0 http://id.loc.gov/authorities/names/no2008071348
|
| 752 |
|
|
|a Great Britain
|b England
|d London.
|
| 856 |
4 |
0 |
|u http://proxy.library.tamu.edu/login?url=http://find.galegroup.com/ecco/infomark.do?contentSet=ECCOArticles&docType=ECCOArticles&bookId=1511900300&type=getFullCitation&tabID=T001&prodId=ECCO&docLevel=TEXT_GRAPHICS&version=1.0&source=library&userGroupName=txshracd2898
|z Connect to the full text of this electronic book
|t 0
|
| 999 |
f |
f |
|s f5508923-ca0f-3564-874a-0f311c7ef16d
|i 77efc15e-6d19-37c1-bed6-8e939ee07634
|t 0
|
| 952 |
f |
f |
|a Texas A&M University
|b College Station
|c Electronic Resources
|d Available Online
|t 0
|e V285.G7 G744 1715
|h Library of Congress classification
|
| 998 |
f |
f |
|a V285.G7 G744 1715
|t 0
|l Available Online
|